00479nam a2200193 a 4500001001300000003000900013005001700022008004100039020001000080082001500090100002000105245004100125260003400166300000900200500003500209505001000244650001100254700002000265nice12345678IN_TiNIC20260116011455.0050524s1950 lona grp 000 0 eng  ac10000a297.4bSM2 aSmith, Margaret aReadings from the Mysticism of Islam aLondon bLuzac and Co. c1950 a144p aincludes index and biblioraphy2 aIndex aSufism1 aSmith, Margaret